Online Catalogue and eLibrary

Vedanta and Buddhism (Record no. 854)

MARC details
000 -LEADER
fixed length control field 00386nam a2200157Ia 4500
005 - DATE AND TIME OF LATEST TRANSACTION
control field 20240724024745.0
008 - FIXED-LENGTH DATA ELEMENTS--GENERAL INFORMATION
fixed length control field 240331s9999 xx 000 0 und d
082 ## - DDC Classification
Class No. 291
Item Number - Author Mark VON
100 ## - MAIN ENTRY--PERSONAL NAME
Personal name Von Glasenapp, Helmuth
245 #0 - TITLE STATEMENT
Title Vedanta and Buddhism
260 ## - PUBLICATION, DISTRIBUTION, ETC.
Place of publication, distribution, etc. Kandy
Name of publisher, distributor, etc. Buddhist Publication Society
Date of publication, distribution, etc. 1978
300 ## - PHYSICAL DESCRIPTION
Extent (e.g. Volumes, Pages etc.) 12 p .,
650 ## - SUBJECT ADDED ENTRY--TOPICAL TERM
Topical term or geographic name entry element Buddhism
650 ## - SUBJECT ADDED ENTRY--TOPICAL TERM
Topical term or geographic name entry element Philosophy
942 ## - Koha item type (Biblio)
Koha item type Books in Stacks (Lending)
Holdings
Lost status Damaged status Collection code Home library Current library Shelving location Date acquired Full call number Accession Number Item type
    Lending WERC Library WERC Library Social Science Cupboard 03/31/2024 291 VON 414 Books in Stacks (Lending)

© WERC Library